LEADER 00841nam a2200205 i 4500 001 000000232095 003 CaOOAMICUS 005 20140819000000.0 008 140819s1891 it u000 u ita u 013 $a210998 040 $aSeMil$bita 100 1 $aArosio, Luigi.$0(OLS)http://semarc/name/13699 245 10$aSan Paolo e le sue quattordici lettere /$csac. Luigi Arosio. 260 $aMilano :$bL. F. Cogliati,$c1891. 300 $aXVI, 518 p., [2] c. di tav. :$britr., c. geogr. ;$c22 cm. 600 04$aPaolo .$0(OLS)http://semarc/subject/1316 850 $aSeMil 852 $aSeMil$W1$xVenegono$y1$m2X IV 65 FA$j182441$B182441$CSeMilBibl$Z2$F193463 $8I 996 $6245$aSan Paolo e le sue quattordici lettere$9(OLS)http://semarc/title/331215 996 $6260$aMilano :$bL. F. Cogliati$9(OLS)http://semarc/publisher/29949 LEADER 01593nam a2200265 i 4500 001 000000218811 003 CaOOAMICUS 005 20130220000000.0 008 130220s2006 it u000 u ita u 013 $a197708 040 $aSeMil$bita 245 10$aCronache, Esdra, Neemia, Tobia, Giuditta, Ester, Maccabei. 300 $a255 p. :$bill. 650 4$aBibbia. Antico Testamento. Esdra - Commentari, studi, critica, interpretazioni.$0(OLS)http://semarc/subject/8798 650 4$aBibbia. Antico Testamento. Nahum - Commentari, studi, critica, interpretazioni.$0(OLS)http://semarc/subject/23208 650 4$aBibbia. Antico Testamento. 1-2 Cronache.$0(OLS)http://semarc/subject/13553 650 4$aBibbia. Antico Testamento. Ester - Commentari, studi, critica, interpretazioni.$0(OLS)http://semarc/subject/13547 650 4$aBibbia. Antico Testamento. Giuditta - Commentari, studi, critica, interpretazioni.$0(OLS)http://semarc/subject/20016 650 4$aBibbia. Antico Testamento. Maccabei - Commentari, studi, critica, interpretazioni.$0(OLS)http://semarc/subject/4774 650 4$aBibbia. Antico Testamento. Tobia - Commentari, studi, critica, interpretazioni.$0(OLS)http://semarc/subject/5109 773 0 $aRavasi, Gianfranco $tRacconto della Bibbia.$dCinisello Balsamo : San Paolo, 2006-2007.$g4$w()28071 850 $aSeMil 852 $aSeMil$W1$xVenegono$y1$m2VA I 83$j268926$B169182$CSeMilBibl$Z2$F179979 $81 961 $aRecupero: Seminario di Seveso 996 $6245$aCronache, Esdra, Neemia, Tobia, Giuditta, Ester, Maccabei$9(OLS)http://semarc/title/314058